000 01144nam a2200265Ia 4500
008 130821s2007 ck aob gr spa
020 _a9789588316287
040 _aCo-BoUCM
_bspa
041 0 0 _aspa
100 1 _aPáramo, Pablo
_9122383
245 0 3 _aEl significado de los lugares públicos para la gente de Bogotá
_cPablo Páramo ; dirigida por Roger Hart ; coordinación Luis Eduardo Vásquez Salamanca
260 _aBogotá (Colombia)
_bFondo Editorial Universidad Pedagógica Nacional
_c2007
300 _a165 páginas
_bilustraciones, mapas, fotografías
490 0 _aColección tesis doctorales
_v3
504 _aIncluye referencias bibliográficas.
650 0 4 _aDesarrollo urbano
_zBogotá (Colombia)
_929913
650 0 4 _aEspacio público
_xHistoria
_zBogotá (Colombia)
_914885
650 0 4 _aPsicología ambiental
_922797
650 0 4 _aUrbanismo
_925989
700 1 _aHart, Roger
_edirector
_9133661
700 1 _aVásquez Salamanca, Luis Eduardo
_ecoordinador
_9164710
710 2 _aUniversidad Pedagógica Nacional
_94747
942 _cLIBRO
_a17
_e1
_mP222s
_2DEWEY
_h711.40986148
999 _c58621
_d58621